U.S. Cities With The Most Big 4 Sports Championships - Statistics

General Stats
  • This quiz has been taken 47 times
  • The average score is 7 of 9
Answer Stats
League # City % Correct
MLB 50 New York City
100%
NBA 40 Boston
95%
NBA 26 Los Angeles
95%
NBA/NHL 19 Chicago
81%
NFL/NBA 19 San Francisco Bay Area
70%
NHL 18 Detroit
60%
NFL 16 Pittsburgh
56%
MLB 15 Philadelphia
51%
MLB 14 St. Louis
51%
No matching quizzes found
Score Distribution
Percent of People with Each Score
Percentile by Number Answered
Your Score History
You have not taken this quiz